Purple Logos Quiz - Statistics

General Stats
  • This quiz has been taken 36 times
  • The average score is 5 of 9
Answer Stats
Picture Answer % Correct
Taco Bell
100%
Yahoo
89%
Cadbury
67%
Claire's
67%
Twitch
63%
Hallmark
52%
Welch's
52%
Benq
22%
Craigslist
11%
No matching quizzes found
Score Distribution
Percent of People with Each Score
Percentile by Number Answered
Your Score History
You have not taken this quiz